000 00493nam a22001697a 4500
003 BD-DhUL
005 20181129105120.0
008 181129s1968 pk ||||| |||| 00| 0 urd d
040 _aBD-DhUL
_cBD-DhUL
082 _a891.433
_bSHF
100 0 _aشاھدہ سلطانہ ناز
245 1 0 _aفوزیہ /
_cشاھدہ سلطانہ ناز
260 _aکراچی :
_bلارک پبلشرز،
_c۔۱۹۶۸
300 _aص۔ ۴۶۳ ؛
_c۱۸ سم۔
650 4 _aUrdu fiction
942 _2ddc
_cBK
999 _c244886
_d244886